Frankfurter U-Bahn: unterirdische Stationen - Statistiken

Allgemein
  • Dieses Quiz wurde 153 mal gespielt
  • Das Durchschnittsergebnis liegt bei 17 aus 27
Antwortstatistiken
% Korrekt
Hauptwache
95%
Konstablerwache
91%
Willy-Brandt-Platz
82%
Bockenheimer Warte
79%
Hauptbahnhof
78%
Südbahnhof
78%
Schweizer Platz
73%
Dom/Römer
72%
Zoo
69%
Miquel-/Adickesallee/Polizeipräsidium
68%
Alte Oper
66%
Eschenheimer Tor
65%
Festhalle/Messe
64%
Holzhausenstraße
61%
Bornheim Mitte
59%
Westend
59%
Merianplatz
58%
Grüneburgweg
56%
Eissporthalle/Festplatz
55%
Leipziger Straße
54%
Höhenstraße
52%
Ostbahnhof
50%
Kirchplatz
48%
Seckbacher Landstraße
45%
Nordwestzentrum
40%
Parlamentsplatz
40%
Habsburgerallee
36%
Keine übereinstimmenden Quizze gefunden
Verteilung der Resultate
Anzahl Personen mit jedem Resultat
Perzentil nach korrekt beantworteten Fragen
Ihre Resultats-Entwicklung
Sie haben dieses Quiz noch nicht gespielt